Manual de Contabilidad general (Record no. 70774)

MARC details
000 -LEADER
campo de control de longitud fija 00519nam a2200169 i 4500
001 - NÚMERO DE CONTROL
campo de control 70774
003 - IDENTIFICADOR DE NÚMERO DE CONTROL
campo de control ES-MaACL
005 - FECHA Y HORA DE LA ÚLTIMA TRANSACCIÓN
campo de control 20230906170922.0
007 - CAMPO FIJO DE DESCRIPCIÓN FÍSICA--INFORMACIÓN GENERAL
campo de control de longitud fija t|
008 - DATOS DE LONGITUD FIJA--INFORMACIÓN GENERAL
campo de control de longitud fija 040802s1968 sp ||||1| spa d
100 1# - ENTRADA PRINCIPAL--NOMBRE DE PERSONA
Nombre de persona Garnier, P.
9 (RLIN) 55615
245 10 - MENCIÓN DEL TÍTULO
Título Manual de Contabilidad general
Resto del título : principios y aplicaciones /
Mención de responsabilidad, etc. por P. Garnier ; traductor, Jesús Landa.
260 ## - PUBLICACIÓN, DISTRIBUCIÓN, ETC.
Lugar de publicación, distribución, etc. Madrid :
Nombre del editor, distribuidor, etc. Ibérico Europea,
Fecha de publicación, distribución, etc. [1968]
300 ## - DESCRIPCIÓN FÍSICA
Extensión 648 p. ;
Dimensiones 23 cm.
700 1# - ENTRADA AGREGADA--NOMBRE PERSONAL
Nombre de persona Landa, Jesús.
9 (RLIN) 69915
852 ## - LOCALIZACIÓN
Ubicación ES-MaACL
Número de control de estantería C-47326
Sublocalización o colección R.67888
Holdings
Estatus retirado Estado de pérdida Estado de daño No para préstamo Biblioteca de origen Biblioteca actual Ubicación en estantería Fecha de adquisición Fuente de adquisición Total de préstamos Signatura topográfica completa Código de barras Visto por última vez Precio de reemplazo Tipo de ítem Koha
        Biblioteca del Ateneo de Madrid Biblioteca del Ateneo de Madrid Depósito 2 17/01/2008     C-47326 1074104 23/02/2023 23/02/2023 Libro impreso